| 000 | 01562nam a2200385Ia 4500 | ||
|---|---|---|---|
| 001 | ebr10314192 | ||
| 003 | CaPaEBR | ||
| 006 | m u | ||
| 007 | cr cn||||||||| | ||
| 008 | 950330s1995 maua sb 001 0 eng d | ||
| 010 | _z 95008794 | ||
| 020 | _z9780674502307 | ||
| 020 | _z0674502299 (alk. paper) | ||
| 040 |
_aCaPaEBR _cCaPaEBR |
||
| 035 | _a(OCoLC)73999022 | ||
| 050 | 1 | 4 |
_aBF474 _b.M37 1995eb |
| 100 | 1 |
_aMcNeill, William Hardy, _d1917- |
|
| 245 | 1 | 0 |
_aKeeping together in time _h[electronic resource] : _bdance and drill in human history / _cWilliam H. McNeill. |
| 260 |
_aCambridge, Ma : _bHarvard University Press, _c1995. |
||
| 300 |
_aviii, 198 p. : _bill. |
||
| 504 | _aIncludes bibliographical references (p. [159]-190) and index. | ||
| 533 |
_aElectronic reproduction. _bPalo Alto, Calif. : _cebrary, _d2009. _nAvailable via World Wide Web. _nAccess may be limited to ebrary affiliated libraries. |
||
| 650 | 0 | _aWorld history. | |
| 650 | 0 | _aMilitary history. | |
| 650 | 0 | _aUnit cohesion (Military science) | |
| 650 | 0 | _aDrill and minor tactics. | |
| 650 | 0 |
_aRhythm _xPsychological aspects. |
|
| 650 | 0 |
_aRhythm _xPsychological aspects _vCross-cultural studies. |
|
| 650 | 0 |
_aDance _xPsychological aspects. |
|
| 650 | 0 |
_aDance _xPsychological aspects _vCross-cultural studies. |
|
| 650 | 0 | _aMovement, Psychology of. | |
| 655 | 7 |
_aElectronic books. _2local |
|
| 710 | 2 | _aebrary, Inc. | |
| 856 | 4 | 0 |
_uhttp://site.ebrary.com/lib/rucke/Doc?id=10314192 _zAn electronic book accessible through the World Wide Web; click to view |
| 999 |
_c57802 _d57802 |
||